[Event "ODEM U25-A Oberhof"]
[Site "?"]
[Date "2013.05.24"]
[Round "8.33"]
[White "Usczeck, Lukas"]
[Black "Nitzsche, Pia"]
[Result "1/2-1/2"]
[WhiteElo "1794"]
[BlackElo "1662"]
[PlyCount "44"]
[EventDate "2013.??.??"]

1. e4 c5 2. d4 cxd4 3. c3 dxc3 4. Nxc3 Nc6 5. Bc4 g6 6. Nf3 Bg7 7. O-O Nf6 8.
Qe2 d6 9. h3 O-O 10. Rd1 Qa5 11. a3 a6 12. Be3 b5 13. Bb3 Bb7 14. Nd5 Nxd5 15.
Bxd5 Qc7 16. Rac1 Rac8 17. Qd2 Qd7 18. Bh6 Nb8 19. Bxg7 Kxg7 20. Ba2 Rxc1 21.
Rxc1 e6 22. Rd1 Rd8 1/2-1/2

[Event "ODEM U25-A Oberhof"]
[Site "?"]
[Date "2013.05.24"]
[Round "8.34"]
[White "Kast, Joannis"]
[Black "Hartewig, Philipp"]
[Result "1/2-1/2"]
[WhiteElo "1823"]
[BlackElo "1811"]
[PlyCount "85"]
[EventDate "2013.??.??"]

1. b3 Nf6 2. Bb2 d5 3. e3 g6 4. f4 Bg7 5. Nf3 O-O 6. d3 b6 7. Ne5 Bb7 8. Nd2 c5
9. Ndf3 Nc6 10. Nxc6 Bxc6 11. Qc1 e6 12. Be2 Rc8 13. O-O Qe7 14. Ne5 Bb7 15.
Bf3 Rfd8 16. Rb1 Ne8 17. Ng4 h5 18. Nf2 Nd6 19. Bxg7 Kxg7 20. Qd2 Nf5 21. Rfe1
Nh4 22. Qe2 Nxf3+ 23. Qxf3 c4 24. Qe2 cxb3 25. cxb3 Rc7 26. Rec1 Rdc8 27. Qb2+
Kg8 28. d4 Ba6 29. g3 Qb4 30. Rxc7 Rxc7 31. Rc1 Rxc1+ 32. Qxc1 Qb5 33. Qe1 Qc6
34. Qd2 Qb5 35. Qe1 Qc6 36. Qd2 Qb5 37. Qd1 Qb4 38. Kg2 Qc3 39. Kf3 Qb2 40. a4
Qc3 41. h4 Kg7 42. Qb1 Qd2 43. Qd1 1/2-1/2

[Event "ODEM U25-A Oberhof"]
[Site "?"]
[Date "2013.05.24"]
[Round "8.35"]
[White "Stoll, Katja"]
[Black "Mauser, Tassilo Tino"]
[Result "1/2-1/2"]
[WhiteElo "1766"]
[BlackElo "1735"]
[PlyCount "95"]
[EventDate "2013.??.??"]

1. e4 c5 2. Nf3 a6 3. c4 Nc6 4. d4 cxd4 5. Nxd4 e6 6. a3 Qc7 7. Be3 Nf6 8. Nc3
Be7 9. Be2 d6 10. O-O O-O 11. Rc1 b6 12. f3 Ne5 13. Qd2 Bb7 14. Na2 Rac8 15.
Nb4 Qb8 16. Rfd1 Ned7 17. Kh1 Nc5 18. Nd3 Rfd8 19. b4 Ncd7 20. Qb2 Ba8 21. Nf2
Ne5 22. Qb3 Ng6 23. Nd3 Nd7 24. Rc2 Nf6 25. Rcd2 Re8 26. Nb2 Rcd8 27. Nc2 Nd7
28. Na4 a5 29. Nc3 Nf6 30. Nb5 Bc6 31. Ncd4 Ba8 32. Nc2 Bc6 33. Nbd4 Ba8 34.
Qc3 d5 35. exd5 exd5 36. bxa5 dxc4 37. axb6 Nd5 38. Qxc4 Nxe3 39. Nxe3 Qxb6 40.
Qc3 Bf6 41. Nef5 Nf4 42. Bc4 Bd5 43. Bxd5 Rxd5 44. Qb4 Rde5 45. h3 Qc7 46. Rc2
Qd7 47. Qc4 Rxf5 48. Nxf5 1/2-1/2

[Event "ODEM U25-A Oberhof"]
[Site "?"]
[Date "2013.05.24"]
[Round "8.36"]
[White "Weiss, Reinhold"]
[Black "Fischer, Maxi"]
[Result "1/2-1/2"]
[WhiteElo "1861"]
[BlackElo "1497"]
[PlyCount "55"]
[EventDate "2013.??.??"]

1. e4 e5 2. Nf3 Nc6 3. Bb5 f5 4. Nc3 Nf6 5. Qe2 d6 6. d4 fxe4 7. Nxe4 Bd7 8.
dxe5 Nxe5 9. Nxe5 dxe5 10. Nxf6+ gxf6 11. Qh5+ Ke7 12. Bc4 Be6 13. Bxe6 Kxe6
14. O-O Bd6 15. Rd1 Qe8 16. Qh3+ Ke7 17. Bh6 Qg6 18. Rd3 Rhg8 19. Rad1 Rad8 20.
c4 c5 21. b4 b6 22. bxc5 bxc5 23. Re1 Qg4 24. Bc1 Rg7 25. f4 Rdg8 26. Qxg4 Rxg4
27. g3 h5 28. Kf2 1/2-1/2

[Event "ODEM U25-A Oberhof"]
[Site "?"]
[Date "2013.05.24"]
[Round "8.38"]
[White "Bossert, Felix"]
[Black "Nobis, Philipp"]
[Result "0-1"]
[WhiteElo "1522"]
[BlackElo "1716"]
[PlyCount "60"]
[EventDate "2013.??.??"]

1. d4 d5 2. Bf4 Nf6 3. Nf3 Bf5 4. e3 e6 5. Ne5 Nbd7 6. g4 Be4 7. f3 Bg6 8. h4
h5 9. Nxg6 fxg6 10. g5 Ng8 11. Qd3 Ne7 12. Bh3 Nf5 13. e4 Nxh4 14. Rh2 Be7 15.
Qe3 c5 16. Kd1 cxd4 17. Qxd4 Bxg5 18. exd5 Nxf3 19. Qxg7 Qf6 20. Qxf6 Bxf6 21.
Re2 Bxb2 22. dxe6 Nb6 23. Bg2 Nd4 24. Re1 Nc6 25. Nd2 Bxa1 26. Ne4 O-O-O+ 27.
Kc1 Nc4 28. Bh3 Ne7 29. Ng5 Bc3 30. Re4 Bb2+ 0-1

[Event "ODEM U25-A Oberhof"]
[Site "?"]
[Date "2013.05.24"]
[Round "8.41"]
[White "Neumann, Tiemon"]
[Black "Peters, Tom"]
[Result "0-1"]
[WhiteElo "1708"]
[BlackElo "1852"]
[PlyCount "62"]
[EventDate "2013.??.??"]

1. e4 c5 2. Nf3 Nc6 3. d4 cxd4 4. Nxd4 Nf6 5. Nc3 e6 6. Bg5 Be7 7. Qd2 d5 8.
exd5 Nxd5 9. Bxe7 Qxe7 10. Bb5 Bd7 11. O-O O-O 12. Bc4 Nb6 13. Be2 Rad8 14.
Nxc6 Bxc6 15. Qf4 e5 16. Qg3 Rd6 17. Nb5 Rg6 18. Qh3 Rxg2+ 19. Qxg2 Bxg2 20.
Kxg2 Nd5 21. Rfd1 Nf4+ 22. Kf1 Qg5 23. Nc3 Qg2+ 24. Ke1 Nh3 25. Nd5 Qxf2+ 26.
Kd2 Nf4 27. Nxf4 Qxf4+ 28. Ke1 e4 29. Rd4 Qe3 30. Rdd1 Qg1+ 31. Bf1 e3 0-1

[Event "ODEM U25-A Oberhof"]
[Site "?"]
[Date "2013.05.24"]
[Round "8.42"]
[White "Hartmann, Jakob"]
[Black "Weber, Yannik"]
[Result "1/2-1/2"]
[WhiteElo "1719"]
[BlackElo "1542"]
[PlyCount "77"]
[EventDate "2013.??.??"]

1. e4 e5 2. Bc4 Nc6 3. Nf3 d6 4. c3 Bg4 5. O-O Qf6 6. Be2 Bxf3 7. Bxf3 g6 8.
Qb3 Rb8 9. d3 Bg7 10. Na3 Qe7 11. Re1 Qe6 12. Qa4 a6 13. Bd2 Nf6 14. d4 exd4
15. cxd4 b5 16. Qxa6 Nxd4 17. Bd1 O-O 18. Nc2 Nxc2 19. Bxc2 Qc4 20. Bb3 Qd3 21.
Bc3 Nxe4 22. Bxg7 Kxg7 23. Rad1 Nc5 24. Qc6 Qf5 25. Qxc7 Nxb3 26. Qc3+ Kg8 27.
Qxb3 Rfe8 28. h3 Re5 29. Rxe5 Qxe5 30. Qd5 Qxb2 31. Qxd6 Ra8 32. Qe7 Qxa2 33.
Rd8+ Rxd8 34. Qxd8+ Kg7 35. Qd4+ Kf8 36. Qb4+ Kg7 37. Qxb5 Qa1+ 38. Kh2 Qf6 39.
Qe2 1/2-1/2

[Event "ODEM U25-A Oberhof"]
[Site "?"]
[Date "2013.05.24"]
[Round "8.43"]
[White "Herrmann, Heribert"]
[Black "Thumm, Felix"]
[Result "1-0"]
[WhiteElo "1683"]
[BlackElo "1733"]
[PlyCount "103"]
[EventDate "2013.??.??"]

1. c4 e6 2. d4 d5 3. Nc3 Nf6 4. Nf3 c6 5. Bf4 Nbd7 6. e3 Be7 7. Bd3 dxc4 8.
Bxc4 Nd5 9. Bg3 N7f6 10. O-O Nxc3 11. bxc3 Nd5 12. Qb3 h5 13. e4 Nb6 14. Bd3 g5
15. h3 g4 16. Ne5 gxh3 17. gxh3 Rg8 18. Kh1 Bh4 19. Rg1 Bxg3 20. fxg3 Nd7 21.
Nc4 Nb6 22. Raf1 Nxc4 23. Bxc4 Qc7 24. e5 b6 25. Kh2 Qe7 26. Be2 Qg5 27. Qd1
Rh8 28. h4 Qg6 29. Rf6 Qh7 30. Rgf1 Bd7 31. Rxf7 Qxf7 32. Rxf7 Kxf7 33. Bxh5+
Ke7 34. g4 Rac8 35. Kg3 Be8 36. Bxe8 Rcxe8 37. g5 Ref8 38. g6 Rf5 39. Qa4 Rhf8
40. Qxa7+ Ke8 41. Qb8+ Kd7 42. Qd6+ Kc8 43. Qxc6+ Kd8 44. Qxb6+ Ke7 45. Qc7+
Ke8 46. Qc6+ Kd8 47. Qd6+ Ke8 48. Qxe6+ Kd8 49. g7 Rf3+ 50. Kg4 R8f4+ 51. Kg5
Rg3+ 52. Kxf4 1-0

[Event "ODEM U25-A Oberhof"]
[Site "?"]
[Date "2013.05.24"]
[Round "8.44"]
[White "Taeschner, Simon"]
[Black "Massloch, Philipp"]
[Result "1/2-1/2"]
[WhiteElo "1504"]
[BlackElo "1649"]
[PlyCount "53"]
[EventDate "2013.??.??"]

1. Nf3 Nf6 2. g3 g6 3. Bg2 Bg7 4. O-O O-O 5. d3 d5 6. Nbd2 Nbd7 7. e4 dxe4 8.
Nxe4 Nxe4 9. dxe4 Nf6 10. Qxd8 Rxd8 11. Re1 e6 12. Bf4 Bd7 13. Rac1 Bc6 14.
Bxc7 Rdc8 15. Be5 Nxe4 16. Bxg7 Kxg7 17. Ne5 Nc5 18. Nxc6 bxc6 19. b4 Na4 20.
b5 Rab8 21. Bxc6 Nc3 22. a4 Nxa4 23. Ra1 Nc3 24. Rxa7 Nxb5 25. Bxb5 Rxb5 26.
Rxe6 Rxc2 27. Re1 1/2-1/2

[Event "ODEM U25-A Oberhof"]
[Site "?"]
[Date "2013.05.24"]
[Round "8.45"]
[White "Klosa, Kevin"]
[Black "Wendler, Simon"]
[Result "0-1"]
[WhiteElo "1668"]
[BlackElo "1413"]
[PlyCount "56"]
[EventDate "2013.??.??"]

1. d4 d5 2. c4 e6 3. Nc3 c5 4. cxd5 exd5 5. Nf3 Nc6 6. Bf4 Nf6 7. e3 Bf5 8. Be2
Bd6 9. Bxd6 Qxd6 10. Nb5 Qd8 11. dxc5 O-O 12. O-O a6 13. Nbd4 Bg6 14. Qa4 Rc8
15. Rac1 Ne4 16. Rfd1 Qe7 17. b4 Rfe8 18. Nxc6 Rxc6 19. Rxd5 Nxf2 20. Qb3 Re6
21. e4 Nxe4 22. Rdd1 Nxc5 23. bxc5 Rxe2 24. Re1 Rxe1+ 25. Nxe1 Qg5 26. Qc3 Be4
27. Qb2 Bc6 28. Qc3 Rxe1+ 0-1

[Event "ODEM U25-A Oberhof"]
[Site "?"]
[Date "2013.05.24"]
[Round "8.46"]
[White "Wodzinski, Kristin"]
[Black "Denkert, Robert"]
[Result "0-1"]
[WhiteElo "1643"]
[BlackElo "1631"]
[PlyCount "64"]
[EventDate "2013.??.??"]

1. d4 Nf6 2. Nf3 g6 3. c4 c5 4. e3 cxd4 5. exd4 Bg7 6. Nc3 O-O 7. Be2 d6 8. h3
Bf5 9. O-O Qc7 10. Bf4 b6 11. Rc1 Nbd7 12. Re1 Rfe8 13. Nd2 e5 14. Nb5 Qb8 15.
Bf3 exf4 16. Rxe8+ Nxe8 17. Bxa8 Qxa8 18. Nb3 a6 19. Nc3 Nef6 20. Qe2 f3 21.
Qe3 fxg2 22. d5 Qb8 23. Nd4 Ne5 24. Nxf5 gxf5 25. b3 f4 26. Qe2 Qc8 27. Kxg2
f3+ 28. Qxf3 Nxf3 29. Kxf3 Qxh3+ 30. Ke2 Qh5+ 31. Ke1 Qh1+ 32. Kd2 Bh6+ 0-1

[Event "ODEM U25-A Oberhof"]
[Site "?"]
[Date "2013.05.24"]
[Round "8.47"]
[White "Peters, Theresa"]
[Black "Walther, Jochen"]
[Result "0-1"]
[WhiteElo "1467"]
[BlackElo "1700"]
[PlyCount "110"]
[EventDate "2013.??.??"]

1. d4 d5 2. Nf3 Nf6 3. Bf4 e6 4. e3 c5 5. c3 Nc6 6. Bd3 Bd6 7. Bg5 h6 8. Bh4 e5
9. dxe5 Nxe5 10. Be2 Be6 11. Bg3 Qc7 12. Nbd2 O-O 13. O-O Rad8 14. Nxe5 Bxe5
15. Nf3 Bxg3 16. hxg3 Rd7 17. Qc2 Rfd8 18. Rfd1 Bg4 19. Rac1 Bxf3 20. Bxf3 Qe5
21. Re1 b6 22. Re2 g5 23. Rd2 h5 24. c4 g4 25. Bxd5 Nxd5 26. Rxd5 Rxd5 27. cxd5
Rxd5 28. b3 Qd6 29. Qc4 Rd2 30. a4 Qf6 31. Qf4 Kg7 32. Kf1 Rb2 33. Qxf6+ Kxf6
34. Rc3 Ke5 35. f3 f5 36. Rd3 a6 37. Rc3 Kd5 38. Rd3+ Kc6 39. Rc3 b5 40. axb5+
axb5 41. Kg1 Rd2 42. Kf1 Kd5 43. e4+ Kd4 44. Rc1 fxe4 45. fxe4 Rd3 46. Re1 Ke5
47. Rc1 Kd6 48. e5+ Kc6 49. Re1 Kd7 50. e6+ Ke7 51. Re5 Rxg3 52. Rxc5 Rxb3 53.
Re5 h4 54. Re4 h3 55. Kg1 Rg3 0-1

[Event "ODEM U25-A Oberhof"]
[Site "?"]
[Date "2013.05.24"]
[Round "8.48"]
[White "Nguyen, Anh Van"]
[Black "Wastian, Jan"]
[Result "1/2-1/2"]
[WhiteElo "1630"]
[BlackElo "1636"]
[PlyCount "40"]
[EventDate "2013.??.??"]

1. e4 c6 2. d4 d5 3. exd5 cxd5 4. Nf3 Nc6 5. c3 Qc7 6. Bd3 Bg4 7. Nbd2 Nf6 8.
O-O e6 9. Re1 Bd6 10. Nf1 O-O 11. Ng3 h6 12. h3 Bh5 13. Nxh5 Nxh5 14. Bb1 Nf6
15. Be3 b5 16. Qc1 Ne4 17. Nd2 Nf6 18. Nf3 Ne4 19. Nd2 Nf6 20. Nf3 Ne4 1/2-1/2

[Event "ODEM U25-A Oberhof"]
[Site "?"]
[Date "2013.05.24"]
[Round "8.49"]
[White "Zesewitz, Maik"]
[Black "Gressmann, Hanna"]
[Result "1-0"]
[WhiteElo "1552"]
[BlackElo "1520"]
[PlyCount "59"]
[EventDate "2013.??.??"]

1. d4 d5 2. c4 e6 3. Nf3 Nf6 4. Bg5 Be7 5. Nc3 O-O 6. e3 b6 7. Qb3 dxc4 8. Bxc4
Bb7 9. Ne5 Nbd7 10. O-O-O Nd5 11. Bxe7 Qxe7 12. Nxd5 exd5 13. Bxd5 Bxd5 14.
Qxd5 Nxe5 15. Qxe5 Qxe5 16. dxe5 Rfd8 17. Rxd8+ Rxd8 18. Rd1 Rxd1+ 19. Kxd1 Kf8
20. Kd2 Ke7 21. e4 Ke6 22. f4 Kd7 23. Kd3 Kc6 24. Kc4 a6 25. a4 a5 26. b4 axb4
27. Kxb4 Kd7 28. Kb5 c5 29. g4 Ke6 30. a5 1-0

[Event "ODEM U25-A Oberhof"]
[Site "?"]
[Date "2013.05.24"]
[Round "8.50"]
[White "Koll, Lukas"]
[Black "Kitze, Lukas"]
[Result "1/2-1/2"]
[WhiteElo "1464"]
[BlackElo "1611"]
[PlyCount "81"]
[EventDate "2013.??.??"]

1. d4 Nf6 2. c4 g6 3. Nc3 d5 4. Qb3 dxc4 5. Qxc4 Bg7 6. e4 c6 7. Be2 O-O 8. Nf3
Be6 9. Qd3 Qc7 10. d5 Rd8 11. dxe6 Rxd3 12. exf7+ Kh8 13. Bxd3 Nbd7 14. O-O Ne5
15. Nxe5 Qxe5 16. g3 Rd8 17. Bc4 Nd7 18. Rd1 Qc7 19. Bf4 Be5 20. Bxe5+ Nxe5 21.
Bb3 Rf8 22. f4 Nxf7 23. Bxf7 Rxf7 24. Rd2 e5 25. fxe5 Qxe5 26. Rf1 Rxf1+ 27.
Kxf1 Qg5 28. Ke1 Qe3+ 29. Re2 Qc1+ 30. Kf2 b5 31. e5 Qg5 32. e6 Qf5+ 33. Kg2
Qf8 34. e7 Qe8 35. Nd1 c5 36. Nf2 c4 37. a3 a5 38. Nd1 b4 39. axb4 axb4 40. Re4
Kg7 41. Kf1 1/2-1/2

[Event "ODEM U25-A Oberhof"]
[Site "?"]
[Date "2013.05.24"]
[Round "8.51"]
[White "Schreiber, Justina"]
[Black "Nabinger, Annalena"]
[Result "1/2-1/2"]
[WhiteElo "1603"]
[BlackElo "1485"]
[PlyCount "52"]
[EventDate "2013.??.??"]

1. e4 e5 2. Nf3 Nc6 3. Bc4 Bc5 4. c3 Nf6 5. d3 h6 6. Be3 Bb6 7. O-O d5 8. exd5
Nxd5 9. Re1 Nxe3 10. fxe3 Bg4 11. Nbd2 Qf6 12. d4 O-O-O 13. Qc2 Rhe8 14. Rf1
Qe7 15. Bd3 g6 16. h3 Bxf3 17. Rxf3 exd4 18. exd4 Bxd4+ 19. Kh1 Bb6 20. Raf1
Ne5 21. Re1 Qd7 22. Rxe5 Rxe5 23. Nf1 Rd5 24. Be2 Rf5 25. Rd3 Qe7 26. Bg4 Qc5
1/2-1/2

[Event "ODEM U25-A Oberhof"]
[Site "?"]
[Date "2013.05.25"]
[Round "9.4"]
[White "Pixa, Richard"]
[Black "Figura, Atila"]
[Result "0-1"]
[WhiteElo "1920"]
[BlackElo "2381"]
[PlyCount "90"]
[EventDate "2013.??.??"]

1. d4 d6 2. c4 e5 3. dxe5 dxe5 4. Qxd8+ Kxd8 5. Nc3 c6 6. g3 Be6 7. b3 Nd7 8.
Bg2 Kc7 9. Nf3 f6 10. O-O a5 11. Bb2 Nc5 12. Ba3 Nh6 13. Rfd1 Nf7 14. h4 Rg8
15. Kh2 Ne4 16. Nxe4 Bxa3 17. Bh3 Bxh3 18. Kxh3 Be7 19. Rd2 Rgd8 20. Rad1 Rxd2
21. Rxd2 a4 22. g4 axb3 23. axb3 Ra3 24. Rd3 g6 25. Ng3 Nd8 26. Nd2 Ne6 27. e3
Nc5 28. Rc3 Ra2 29. Nde4 Nxe4 30. Nxe4 f5 31. gxf5 gxf5 32. Ng5 Bxg5 33. hxg5
Rxf2 34. Kg3 Rf1 35. Rd3 Rg1+ 36. Kh4 Rh1+ 37. Kg3 Rh5 38. c5 Rxg5+ 39. Kh4
Rg4+ 40. Kh5 Rg3 41. Rd6 Rxe3 42. Rf6 f4 43. Kg4 Rxb3 44. Rf7+ Kb8 45. Rxh7 Rc3
0-1

[Event "ODEM U25-A Oberhof"]
[Site "?"]
[Date "2013.05.25"]
[Round "9.18"]
[White "Boehning, Kilian"]
[Black "Schmidt, Daniel (Stadtilm)"]
[Result "1-0"]
[WhiteElo "1882"]
[BlackElo "1753"]
[PlyCount "61"]
[EventDate "2013.??.??"]

1. e4 c5 2. Nf3 d6 3. d4 cxd4 4. Nxd4 Nf6 5. Nc3 a6 6. Bg5 e6 7. Bd3 Be7 8. Be3
Qc7 9. a4 Nc6 10. Nb3 Nb4 11. a5 Nd7 12. Qg4 Bf6 13. e5 Nxd3+ 14. cxd3 Nxe5 15.
Qe2 O-O 16. Rc1 Qe7 17. Na4 Bd7 18. Nb6 Rab8 19. O-O Bb5 20. Rfd1 Nd7 21. Rc7
Qe8 22. Rdc1 Nxb6 23. axb6 Bc6 24. Na5 Rc8 25. Qc2 Rxc7 26. bxc7 d5 27. Bc5 Bg5
28. Bxf8 Bxc1 29. Qxc1 Kxf8 30. Qc5+ Kg8 31. Nxc6 1-0

[Event "ODEM U25-A Oberhof"]
[Site "?"]
[Date "2013.05.25"]
[Round "9.19"]
[White "Mehling, Katharina"]
[Black "Gubela, Hans-Erich"]
[Result "1/2-1/2"]
[WhiteElo "1837"]
[BlackElo "1788"]
[PlyCount "41"]
[EventDate "2013.??.??"]

1. d4 b6 2. e4 Bb7 3. Bd3 e6 4. Ne2 Nf6 5. Nd2 c5 6. c3 Be7 7. O-O O-O 8. b3 d6
9. Qc2 h6 10. f4 Nc6 11. Nf3 cxd4 12. Nexd4 Rc8 13. Nxc6 Bxc6 14. Bb2 Qc7 15.
Qe2 Bb7 16. c4 Rfd8 17. Kh1 Nd7 18. Rae1 Nc5 19. Bc1 Nd7 20. e5 dxe5 21. Nxe5
1/2-1/2

[Event "DEM U18w Oberhof"]
[Site "?"]
[Date "2013.05.19"]
[Round "1.1"]
[White "Tran, My Linh"]
[Black "Kostre, Margarita"]
[Result "1-0"]
[WhiteElo "2085"]
[BlackElo "1723"]
[PlyCount "55"]
[EventDate "2013.??.??"]

1. e4 e5 2. Nf3 Nc6 3. Bc4 Nf6 4. Nc3 Nxe4 5. Nxe4 d5 6. Bd3 Nb4 7. Ng3 e4 8.
Bxe4 dxe4 9. Nxe4 Bf5 10. d3 Bxe4 11. dxe4 Qxd1+ 12. Kxd1 O-O-O+ 13. Nd2 Bc5
14. f3 Rd7 15. a3 Nc6 16. c3 Ne5 17. Kc2 Rhd8 18. Nb3 Bb6 19. a4 a6 20. Bf4 Nd3
21. Bd2 c5 22. Be3 Rc7 23. Rhd1 Nb4+ 24. Kc1 Rxd1+ 25. Kxd1 Rd7+ 26. Kc1 Rc7
27. cxb4 cxb4+ 28. Kd2 1-0

[Event "DEM U18w Oberhof"]
[Site "?"]
[Date "2013.05.19"]
[Round "1.2"]
[White "Halas, Julia"]
[Black "Duessler, Stefanie"]
[Result "0-1"]
[WhiteElo "1576"]
[BlackElo "2019"]
[PlyCount "96"]
[EventDate "2013.??.??"]

1. d4 Nf6 2. c4 c5 3. d5 b5 4. cxb5 a6 5. b6 e6 6. Nc3 Nxd5 7. Nxd5 exd5 8.
Qxd5 Nc6 9. Nf3 Rb8 10. Ne5 Qf6 11. Nxc6 dxc6 12. Qg5 Be7 13. Qxf6 Bxf6 14. e3
Rxb6 15. Bd3 O-O 16. O-O Rd8 17. Be4 Be6 18. a4 Rd6 19. Ra3 Bxb2 20. Bxb2 Rxb2
21. Raa1 f5 22. Bf3 Bb3 23. Rab1 Rxb1 24. Rxb1 Bxa4 25. Rc1 Kf7 26. Rxc5 g6 27.
g3 Bb5 28. Rc1 Ke7 29. e4 fxe4 30. Bxe4 Kd7 31. h4 Rd4 32. Bb1 Be2 33. Ba2 Rd1+
34. Rxd1+ Bxd1 35. Bg8 h6 36. Bf7 Bc2 37. h5 gxh5 38. Bxh5 a5 39. Bf7 a4 40.
Kf1 Bb3 41. Bg6 a3 42. Bb1 a2 43. Bxa2 Bxa2 44. f4 h5 45. Ke2 Ke6 46. Ke3 Kf5
47. Kf3 Bd5+ 48. Kf2 Kg4 0-1

[Event "DEM U18w Oberhof"]
[Site "?"]
[Date "2013.05.19"]
[Round "1.3"]
[White "Kuckling, Hannah"]
[Black "Liez, Franziska"]
[Result "1-0"]
[WhiteElo "1909"]
[BlackElo "1844"]
[PlyCount "73"]
[EventDate "2013.??.??"]

1. e4 e5 2. Nf3 Nc6 3. Bb5 a6 4. Ba4 Nf6 5. O-O b5 6. Bb3 d6 7. c3 Be7 8. d4
Bg4 9. Be3 exd4 10. cxd4 d5 11. e5 Ne4 12. Nc3 Nxc3 13. bxc3 Qd7 14. a4 O-O 15.
Qe2 Na5 16. Bc2 Nc4 17. Qd3 g6 18. Bh6 Rfb8 19. axb5 axb5 20. h3 Bf5 21. Qe2
Bxh3 22. gxh3 Qxh3 23. Bf4 Qg4+ 24. Bg3 h5 25. Bd3 Kg7 26. Kg2 Rh8 27. Nh4 Qe6
28. Rfb1 c6 29. Rh1 Ra3 30. Rxa3 Bxa3 31. Ra1 Bb2 32. Ra7 Bxc3 33. Bxg6 Nd6 34.
Qd3 Bxd4 35. Qxd4 Ne4 36. Bxf7 Qxf7 37. e6+ 1-0

[Event "DEM U18w Oberhof"]
[Site "?"]
[Date "2013.05.19"]
[Round "1.4"]
[White "Stolcz, Bianca"]
[Black "Spiegelberg, Silvia"]
[Result "0-1"]
[WhiteElo "1697"]
[BlackElo "1926"]
[PlyCount "58"]
[EventDate "2013.??.??"]

1. e4 e5 2. Nf3 Nf6 3. Nc3 Nc6 4. d4 exd4 5. Nxd4 Bb4 6. Nxc6 bxc6 7. Bd3 d5 8.
exd5 cxd5 9. O-O O-O 10. Bg5 Be7 11. Bxf6 Bxf6 12. Nxd5 Bxb2 13. Rb1 c6 14. Nb4
Bc3 15. Nxc6 Qf6 16. Be4 Ba6 17. Qh5 g6 18. Qc5 Bxf1 19. Rxf1 Rae8 20. Bf3 a6
21. Qa7 a5 22. Nxa5 Bd4 23. Qd7 Bxf2+ 24. Kh1 Qa6 25. Qd3 Qxa5 26. Rxf2 Re1+
27. Rf1 Rxf1+ 28. Qxf1 Re8 29. Be2 Qd2 0-1

[Event "DEM U18w Oberhof"]
[Site "?"]
[Date "2013.05.19"]
[Round "1.5"]
[White "Schmalhorst, Sophia"]
[Black "Schrader, Elanor"]
[Result "1-0"]
[WhiteElo "1925"]
[BlackElo "1738"]
[PlyCount "89"]
[EventDate "2013.??.??"]

1. e4 c5 2. Nf3 Nc6 3. d4 cxd4 4. Nxd4 g6 5. c4 Bg7 6. Nc2 Nf6 7. Nc3 O-O 8.
Be2 d6 9. O-O Nd7 10. Bd2 Nc5 11. f3 Qb6 12. Kh1 Be6 13. Rb1 a5 14. Nd5 Bxd5
15. exd5 Nb4 16. a3 Nxc2 17. Qxc2 Qb3 18. Qxb3 Nxb3 19. Bg5 Rfe8 20. Rfe1 e6
21. Bd1 Nc5 22. dxe6 Rxe6 23. Rxe6 fxe6 24. Bc2 a4 25. Kg1 Rc8 26. Bf4 d5 27.
cxd5 exd5 28. Bd6 Bd4+ 29. Kf1 Nb3 30. Bxb3 axb3 31. Bb4 Rc2 32. Rd1 Bxb2 33.
Rd3 Bd4 34. Rxb3 Rf2+ 35. Ke1 Rxg2 36. Rd3 Bf2+ 37. Kf1 Rxh2 38. Rxd5 b6 39.
Bd6 Rh1+ 40. Kxf2 Rc1 41. Bb4 h5 42. Rd6 Kf7 43. Rxb6 h4 44. Rb7+ Kg8 45. Kg2
1-0

[Event "DEM U18w Oberhof"]
[Site "?"]
[Date "2013.05.19"]
[Round "1.6"]
[White "Schaefer, Ann-Kathrin"]
[Black "Kuehnel, Lena"]
[Result "0-1"]
[WhiteElo "1698"]
[BlackElo "1933"]
[PlyCount "48"]
[EventDate "2013.??.??"]

1. e4 c5 2. Nf3 e6 3. c3 d5 4. exd5 exd5 5. d4 Nf6 6. Be2 Nc6 7. O-O Be7 8.
dxc5 Bxc5 9. Nbd2 O-O 10. Nb3 Bb6 11. Nbd4 h6 12. Re1 Re8 13. Bf4 Ne4 14. Be3
Bg4 15. Nxc6 bxc6 16. Bxb6 Qxb6 17. Nd4 Bd7 18. Qc2 Rab8 19. Rab1 c5 20. Nf3
Bf5 21. Qd3 Nd6 22. Qxd5 Bxb1 23. Ne5 Be4 24. Qd2 Rxe5 0-1

[Event "DEM U18w Oberhof"]
[Site "?"]
[Date "2013.05.19"]
[Round "1.8"]
[White "Spieker, Christine"]
[Black "Berger, Nadja"]
[Result "1/2-1/2"]
[WhiteElo "1689"]
[BlackElo "1789"]
[PlyCount "111"]
[EventDate "2013.??.??"]

1. Nf3 Nc6 2. d4 d5 3. Bf4 Bf5 4. a3 e6 5. Nbd2 Bd6 6. e3 Nf6 7. Be2 Bg6 8. O-O
Bxf4 9. exf4 Qd6 10. g3 h5 11. c3 O-O-O 12. Ne5 h4 13. Ndf3 hxg3 14. fxg3 Nd7
15. Nxg6 fxg6 16. Ne5 Ndxe5 17. fxe5 Qe7 18. Qd2 Rh6 19. Bg4 Na5 20. Rae1 Nc4
21. Qc1 Re8 22. Re2 Rhh8 23. Ref2 Qd8 24. Rf7 Rhg8 25. Be2 Na5 26. Bd3 g5 27.
Bh7 Rh8 28. Rxg7 Re7 29. Rff7 Rxf7 30. Rxf7 Qe8 31. Bg6 Qb5 32. Qf1 Qxf1+ 33.
Rxf1 Nc4 34. Rf2 Rh6 35. Bd3 Ne3 36. Be2 Kd8 37. Rf6 Rxf6 38. exf6 Nf5 39. Bh5
Nd6 40. Kg2 Ne4 41. f7 Ke7 42. Kf3 Nf6 43. Bg6 Nd7 44. Kg4 Kf6 45. Bc2 c6 46.
Kh5 b6 47. Ba4 b5 48. Bc2 a5 49. h3 Nf8 50. Kh6 Nd7 51. Bg6 Nf8 52. Bh5 a4 53.
Bd1 Nd7 54. b3 axb3 55. Bxb3 g4 56. hxg4 1/2-1/2

[Event "DEM U18w Oberhof"]
[Site "?"]
[Date "2013.05.19"]
[Round "1.9"]
[White "Steimbach, Isabel"]
[Black "Wulf, Constanze"]
[Result "1-0"]
[WhiteElo "1753"]
[BlackElo "1675"]
[PlyCount "71"]
[EventDate "2013.??.??"]

1. e4 c6 2. d4 d5 3. exd5 cxd5 4. Bd3 Nc6 5. c3 Qc7 6. Ne2 Bg4 7. f3 Bd7 8. Bf4
e5 9. dxe5 Nxe5 10. Bc2 Bc6 11. Qd4 Bd6 12. O-O Ne7 13. Kh1 O-O 14. Bxe5 Bxe5
15. Qd3 g6 16. f4 Bg7 17. Nd4 Bd7 18. Nd2 Nf5 19. N2b3 Rfe8 20. Rf3 Re7 21. Qd2
Nd6 22. f5 Ne4 23. Qd3 Nf6 24. fxg6 hxg6 25. Raf1 Ng4 26. g3 Ne5 27. Qd1 Nxf3
28. Qxf3 Bh3 29. Rg1 Rae8 30. g4 Re3 31. Qxd5 Qe7 32. Bxg6 Rd8 33. Bxf7+ Qxf7
34. Qxd8+ Kh7 35. Qg5 Kg8 36. Qxe3 1-0

[Event "DEM U18w Oberhof"]
[Site "?"]
[Date "2013.05.19"]
[Round "1.10"]
[White "Puffay, Jana"]
[Black "Schaetz, Bianca"]
[Result "1-0"]
[WhiteElo "1498"]
[BlackElo "1846"]
[PlyCount "49"]
[EventDate "2013.??.??"]

1. e4 c5 2. Nc3 Nc6 3. Bb5 Na5 4. f4 a6 5. Be2 e6 6. d4 cxd4 7. Qxd4 Nc6 8. Qf2
Bb4 9. Bd2 Nf6 10. Bf3 d6 11. Nge2 Bc5 12. Qg3 g6 13. O-O-O e5 14. fxe5 Nxe5
15. Bg5 Ned7 16. e5 dxe5 17. Qxe5+ Nxe5 18. Rxd8+ Kxd8 19. Bxf6+ Be7 20. Bxh8
f6 21. Nd5 Nxf3 22. gxf3 Be6 23. Nec3 Rc8 24. Bxf6 Bxf6 25. Nxf6 1-0

[Event "DEM U18w Oberhof"]
[Site "?"]
[Date "2013.05.19"]
[Round "1.11"]
[White "Winterholler, Christina"]
[Black "Tobianski, Karina"]
[Result "1-0"]
[WhiteElo "1891"]
[BlackElo "1498"]
[PlyCount "75"]
[EventDate "2013.??.??"]

1. e4 d5 2. exd5 Nf6 3. d4 Nxd5 4. Nf3 Bg4 5. Be2 e6 6. c4 Nb6 7. b3 Nc6 8. O-O
Be7 9. Bb2 Bf6 10. Na3 O-O 11. Nc2 Re8 12. Ne5 Bxe2 13. Qxe2 Ne7 14. Qf3 c6 15.
Ne3 Ng6 16. N3g4 Bxe5 17. Nxe5 Qc7 18. Rfe1 Rad8 19. Qc3 Nxe5 20. Rxe5 Nd7 21.
Rg5 Nf6 22. d5 e5 23. Qg3 g6 24. Rxe5 Rxe5 25. Bxe5 Qe7 26. d6 Qe6 27. Qg5 Kg7
28. Rd1 Rd7 29. Rd3 h6 30. Qf4 g5 31. Qd4 Kg6 32. h3 Ne8 33. f4 Kh7 34. Re3 Qg6
35. Bh8 Ng7 36. Qxg7+ Qxg7 37. Bxg7 Kxg7 38. Re7 1-0

[Event "DEM U18w Oberhof"]
[Site "?"]
[Date "2013.05.19"]
[Round "1.12"]
[White "Tran, Kim Thuy-Vy"]
[Black "Tettmann, Ann-Kathrin"]
[Result "0-1"]
[WhiteElo "763"]
[BlackElo "1871"]
[PlyCount "100"]
[EventDate "2013.??.??"]

1. e4 c5 2. Nc3 Nc6 3. Nf3 e6 4. Bc4 Nge7 5. d3 d5 6. Bb3 dxe4 7. Nxe4 Nd5 8.
Bd2 Be7 9. O-O O-O 10. h3 b6 11. c4 Nf6 12. Qe2 Bb7 13. Ba4 Qc7 14. Bc3 Nd7 15.
d4 cxd4 16. Nxd4 Nxd4 17. Bxd4 Rad8 18. Rad1 Bxe4 19. Qxe4 Qxc4 20. Bc2 f5 21.
Qd3 Qxd3 22. Rxd3 e5 23. Bc3 e4 24. Rg3 Bf6 25. Bb3+ Kh8 26. Bb4 Nc5 27. Bc4
Bxb2 28. Rb1 Be5 29. Ra3 Rd7 30. Bb5 Rc7 31. Bd2 Rd8 32. Bg5 Rdc8 33. Rd1 Ne6
34. h4 Nd4 35. Ba6 Rf8 36. f4 exf3 37. gxf3 f4 38. h5 Nc2 39. Ra4 Ne3 40. Rd3
Rc1+ 41. Kf2 Rc2+ 42. Kg1 Rg2+ 43. Kh1 Rxg5 44. Rd7 Rxh5+ 45. Kg1 h6 46. Bd3
Rc8 47. Kf2 Rh2+ 48. Kg1 Rg2+ 49. Kh1 Rc1+ 50. Bf1 Rxf1# 0-1